ბათუმის შოთა რუსთაველის სახელმწიფო უნივერსიტეტის ბიბლიოთეკა

აგრონომიის შესავალი სახელმძღვ. საქ. სუპტრ. მეურნ. ინ-ტის სტუდენტებისათვის (ბიბ.ჩანაწერი № 35358)

000 -LEADER
fixed length control field 00744nam a2200205Ia 4500
001 - CONTROL NUMBER
control field 1211
003 - CONTROL NUMBER IDENTIFIER
control field GE_BSU
008 - FIXED-LENGTH DATA ELEMENTS--GENERAL INFORMATION
fixed length control field 181216s||||||||xx |||||||||||||| ||und||
020 ## - INTERNATIONAL STANDARD BOOK NUMBER
International Standard Book Number 5505003532
040 ## - CATALOGING SOURCE
Transcribing agency GE_BSU
080 ## - UNIVERSAL DECIMAL CLASSIFICATION NUMBER
Universal Decimal Classification number 63(075.8)
100 ## - MAIN ENTRY--PERSONAL NAME
Personal name გიგინეიშვილი, პ.
245 ## - TITLE STATEMENT
Title აგრონომიის შესავალი სახელმძღვ. საქ. სუპტრ. მეურნ. ინ-ტის სტუდენტებისათვის
260 ## - PUBLICATION, DISTRIBUTION, ETC.
Place of publication, distribution, etc. თბილისი
260 ## - PUBLICATION, DISTRIBUTION, ETC.
Name of publisher, distributor, etc. განათლება
300 ## - PHYSICAL DESCRIPTION
Extent 144 გვ. 19 სმ.
653 ## - INDEX TERM--UNCONTROLLED
Uncontrolled term აგრონომიის სახელმძღვანელო
942 ## - ADDED ENTRY ELEMENTS (KOHA)
Koha item type წიგნი
ეგზემპლარები
Withdrawn status Lost status Damaged status Not for loan Date acquired Barcode Date last seen Price effective from Koha item type
        2018-12-17 2670 2018-12-17 2018-12-17 წიგნი